| 000 | 01304cam a2200325 a 4500 | ||
|---|---|---|---|
| 001 | 14814084 | ||
| 005 | 20170105102841.0 | ||
| 008 | 070419s2007 gau b 001 0 eng | ||
| 010 | _a 2007016468 | ||
| 020 | _a093286354X | ||
| 020 | _a9780932863546 | ||
| 035 | _a(OCoLC)ocn137324913 | ||
| 040 |
_aDLC _cDLC _dYDX _dBTCTA _dBAKER _dYDXCP _dIAY _dOCLCG _dDLC |
||
| 043 | _an-us--- | ||
| 050 | 0 | 0 |
_aHN90.E4 _bP48 2007 |
| 082 | 0 | 0 |
_a306.20973 _222 |
| 100 | 1 |
_aPetras, James F., _d1937- |
|
| 245 | 1 | 0 |
_aRulers and ruled in the US empire : _bbankers, Zionists, militants / _cJames Petras. |
| 246 | 3 | _aRulers and ruled in the United States empire | |
| 260 |
_aAtlanta, GA. : _bClarity Press, _cc2007. |
||
| 300 |
_a262 p. ; _c23 cm. |
||
| 504 | _aIncludes bibliographical references (p. 245-254) and index. | ||
| 650 | 0 |
_aElite (Social sciences) _zUnited States. |
|
| 650 | 0 |
_aPower (Social sciences) _zUnited States. |
|
| 651 | 0 |
_aUnited States _xPolitics and government. |
|
| 856 | 4 | 1 |
_3Table of contents only _uhttp://www.loc.gov/catdir/toc/ecip0716/2007016468.html |
| 906 |
_a7 _bcbc _corignew _d1 _eecip _f20 _gy-gencatlg |
||
| 942 |
_2ddc _cBK |
||
| 999 |
_c13854 _d13854 |
||